| 000 | 01028cam a22003255a 4500 | ||
|---|---|---|---|
| 001 | ocm43615725 | ||
| 003 | OSt | ||
| 005 | 20170312123321.0 | ||
| 008 | 000301t2008 caua frb 001 0 eng d | ||
| 010 | _a 00028318 | ||
| 020 | _a9780495096245 | ||
| 020 | _a0495096245 | ||
| 035 | _a(OCoLC)ocm43615725 | ||
| 040 |
_aDLC _beng _cDLC _dEG-ScBUE |
||
| 082 | 0 | 4 |
_a659.2 _bNEW _222 |
| 100 | 1 | _aNewsom, Doug. | |
| 245 | 1 | 0 |
_aPublic relations writing : _bform & style / _cDoug Newsom, Jim Haynes. |
| 246 | 3 |
_aPublic relations writing : _bform and style |
|
| 250 | _a8th ed., International student ed. | ||
| 260 |
_aBelmont : _bThomson Wadsworth : _bThomson Higher Education, _cc.2008. |
||
| 300 |
_axxii, 458 p. : _bill. ; _c23 cm. |
||
| 504 | _aIncludes bibliographical references and index. | ||
| 650 | 7 |
_aPublic relations. _2BUEsh |
|
| 650 | 7 |
_aPublic relations _xAuthorship. _2BUEsh |
|
| 650 | 7 |
_aBusiness writing. _2BUEsh |
|
| 651 | _2BUEsh | ||
| 653 |
_bCOMAME _cMarch2017 |
||
| 700 | 1 | _aHaynes, Jim. | |
| 942 | _2ddc | ||
| 999 |
_c24392 _d24364 |
||